| 000 | 00729nam a22002417a 4500 | ||
|---|---|---|---|
| 999 |
_c17342 _d17342 |
||
| 003 | AR-CdUCM | ||
| 008 | 190508b ||||| |||| 00| 0 spa d | ||
| 040 |
_aMUNICIPALIDAD PROVINCIAL DEL CUSCO _cBIBLIOTECA MUNICIPAL DEL CUSCO |
||
| 082 |
_a155 / _bOL44 |
||
| 100 |
_aOliart, Patricia _937305 |
||
| 245 |
_aQuispicanchi : _bGenero y sexualidad / |
||
| 260 |
_aLima : _bIPEDEHP, _c2005. |
||
| 300 |
_a235 paginas ; _bTablas, _c24 cm. |
||
| 500 | _aQuispicanchi | ||
| 505 | _aContenido: Capitulo I | ||
| 650 |
_aQuispicanchi _96073 |
||
| 650 |
_aLiteratura _983 |
||
| 650 |
_aHistoria _9136 |
||
| 700 |
_aMujica, Rosa Maria _937306 |
||
| 700 |
_aGarcia, Jose Maria _924396 |
||
| 942 |
_2ddc _cLIBROS |
||
| 945 |
_apjha _d2019-05-08 |
||